000 00450nam a2200193Ia 4500
005 20240823021907.0
008 240823s9999||||xx |||||||||||||| ||und||
020 _a81-7224-719-2
041 _aENGLISH
082 _A158.39 P6
100 _a"Toropov,Brandon"
245 0 _aLast Minute Interview Tips
250 _a1st
260 _c2006
_b"Jaico,B"
_aMumbai
500 _aYES
650 _aInterview
_bGeneral
942 _cBK
999 _c177955
_d177955